Letters of Gerald manley hopkins to Robert bridges / (Record no. 11841)
[ view plain ]
| 000 -LEADER | |
|---|---|
| fixed length control field | 00429cam a2200157ua 4500 |
| 041 ## - LANGUAGE CODE | |
| Language code of text/sound track or separate title | eng |
| 082 ## - DEWEY DECIMAL CLASSIFICATION NUMBER | |
| Classification number | 826 |
| Item number | ABB/LE |
| 100 ## - MAIN ENTRY--AUTHOR NAME | |
| Personal name | Abbott, Claude Coller . |
| 245 ## - TITLE STATEMENT | |
| Title | Letters of Gerald manley hopkins to Robert bridges / |
| 250 ## - EDITION STATEMENT | |
| Edition statement | 1 / |
| 260 ## - PUBLICATION, DISTRIBUTION, ETC. (IMPRINT) | |
| Place of publication | London : |
| Name of publisher | Oxford University Press , |
| Year of publication | 1955. |
| 300 ## - PHYSICAL DESCRIPTION | |
| Number of Pages | 324 ; . |
| 942 ## - ADDED ENTRY ELEMENTS (KOHA) | |
| Koha item type | Books |
| Withdrawn status | Lost status | Damaged status | Home library | Current library | Date acquired | Cost, normal purchase price | Full call number | Accession Number | Koha item type | Public note |
|---|---|---|---|---|---|---|---|---|---|---|
| Withdrawn | KAUAET | Sanskrit University | 07/04/2012 | 31.50 | 826 | 6603 | Books | Transferred to Sanskrit University |
